Neue Deutsche Baukunst
| Main Author: | |
|---|---|
| Format: | Book |
| Language: | Undetermined |
| PhysicalDescription: | 96 s. |
| Published: |
Praha
Bücherring Volk und Reich
1941
|
MARC
| LEADER | 00000nam a2200000 a 4500 | ||
|---|---|---|---|
| 001 | vtls001350150 | ||
| 003 | SK-MaSNL | ||
| 005 | 20260301160637.0 | ||
| 008 | 240318s1941 xx 0 und | ||
| 035 | |a SNK000303479 | ||
| 040 | |a SNK |b slo |c SNK |e AACR2 | ||
| 100 | 1 | |a Speer, Albert |4 aut |9 522493 | |
| 245 | 1 | 0 | |a Neue Deutsche Baukunst |
| 260 | |a Praha |b Bücherring Volk und Reich |c 1941 | ||
| 300 | |a 96 s. | ||
| 999 | |c 806313 |d 808243 | ||
| 952 | |t P60, <04>, [BOOK], {604} |a SNK |b SNK |y VYP |7 0 |p 17A0172684 |o snkIB 22175 |0 0 |1 0 |4 0 |d 1998-12-04 |l 0 |r 2005-01-02 00:00:00 |w 2026-02-24 | ||


